000 02658cad a22003135a 4500
001 E147506
008 090519s2002 xxk f s000 0 eng d
020 _a0755933915
022 1 _a0950-2254
035 _a(Sirsi) u147506
041 0 _aeng
050 0 4 _a333.78 $2 18
100 2 _aRoberts, D.
245 0 0 _aNature conservation designations and land values
_h[electronic resource]
260 _aEdinburgh
_bScottish Executive
_c2002
505 2 _aExecutive summary -- Chapter one, introduction: background to the study; objectives; methodological approach; structure of the report -- Chapter two, determinants of land values: economic theories of land value; hedonic pricing studies; the effects of environmental policies on land values; summary findings -- Chapter three, the SSSI and ESA schemes in Scotland; Sites of Special Scientific Interest; the Environmentally Sensitive Areas (ESA) Scheme; proposed changes to the SSSI scheme; summary findings -- Chapter four, findings from the survey of Scottish Land Agents; factors influencing land purchase decisions; designation and the land market; changing attitudes towards designation; the role of Conservation and Recreation Trusts (CARTS) in the land market -- Chapter five, description of the Scottish land market; size of the market; land prices -- Chapter six, a hedonic analysis of Scottish land values; description of the model; results; summary findings -- Chapter seven, positive management agreements: a programming analysis; description of the modelling appraoch; results of the analysis; positive management agreements, risk aversion and land rents; summary findings -- Chapter eight, conclusions -- References -- Appendices
520 _aPresents the results of research into the effect of SSSI and ESA designations on land values, and the effect that proposed reforms of the SSSI system may have on land values. Concludes that neither SSSI nor ESA designation have had a significant effect on Scottish land values, although there are some specific cases were designation can and has affected the price received for a piece of land.
521 _aAdvanced
651 4 _aScotland
_y1999-
690 _aENVIRONMENTAL AND LAND CONSULTANCY-ENVIRONMENTAL MANAGEMENT-ENVIRONMENTAL CONSERVATION
690 _aPROPERTY-RURAL AND NATURAL ASSETS-AGRICULTURAL PROPERTY-AGRICULTURAL PROPERTY MARKET
700 1 _aMacdonald, D.
700 1 _aKampas, T.
700 1 _aShannon, P.
700 1 _aPotts, J.
700 1 _aBarroclough, F.
856 4 0 _uhttps://www.scotland.gov.uk/Publications/2002/07/15133/9003
_zView the report free of charge at www.scotland.gov.uk...
942 _n0
999 _c109590
_d109590